000 00686nam a2200181Ia 4500
003 GCL
008 140319s9999 xx 000 0 ara d
040 _aGCL /
_cGCL
082 0 4 _a230.9
_bق ج
100 1 _aابن قيم الجوزية: شمس الدين ابو عبدالله محمد بن ابى بكر
245 1 0 _aجلاء الافهام فى الصلاه والسلام على خير الانام /
_cابن قيم الجوزية: شمس الدين ابو عبدالله محمد بن ابى بكر
260 _a[S.N] :
_bمكتبة المتنبى
300 _a283 ص
490 _a
650 0 4 _aالاسلام
650 0 4 _aالحديث، علوم
942 _2ddc
_cBK
999 _c53871
_d53871